| LEADER | 00943nam a2200229 a 4500 | ||
|---|---|---|---|
| 001 | vtls000029839 | ||
| 003 | VRT | ||
| 005 | 20150115163713.0 | ||
| 008 | 100531 2002 vm 000 0 vie d | ||
| 039 | 9 | |a 201303131556 |b Hanh |c 201105301349 |d Phuong |c 201009091334 |d Hanh | |
| 040 | |a TVTTHCM | ||
| 082 | 0 | 4 | |a 515.3 |b NG527TH |
| 100 | |a Nguyễn Thế Hoàn | ||
| 245 | 0 | 0 | |a Cơ sở phương trình vi phân và lí thuyết ổn định / |c Nguyễn Thế Hoàn |
| 260 | |a Hà Nội : |b GD, |c 2003. | ||
| 300 | |a 367 tr. ; |c 21 cm. | ||
| 520 | |a v.v.. | ||
| 653 | |a Toán học | ||
| 942 | |2 ddc |c STK0 | ||
| 999 | |c 6176 |d 6176 | ||
| 952 | |0 0 |1 0 |2 ddc |4 0 |6 515_300000000000000_NG527TH |7 0 |8 500 |9 56390 |a qbu |b qbu |c D3 |d 2015-01-15 |l 3 |m 2 |o 515.3 NG527TH |p 6590.C1 |r 2019-05-17 |s 2019-04-26 |w 2015-01-15 |y STK0 | ||
| 952 | |0 0 |1 0 |2 ddc |4 0 |6 515_300000000000000_NG527TH |7 0 |8 500 |9 56391 |a qbu |b qbu |c D3 |d 2015-01-15 |l 13 |m 6 |o 515.3 NG527TH |p 6590.C2 |r 2018-05-18 |s 2018-04-27 |w 2015-01-15 |y STK0 | ||